| 000 | 00968nam a22002417a 4500 | ||
|---|---|---|---|
| 005 | 2012090304024.0 | ||
| 008 | 120903t xxu||||| |||| 00| 0 eng d | ||
| 010 | _aENG-105757 | ||
| 020 |
_a9788179103715 _c725.00 |
||
| 035 | _aEN-89290 | ||
| 037 | _bDBAD/PUB | ||
| 040 |
_aDPL _bEnglish |
||
| 082 | _a363.610954 | ||
| 245 |
_aWater : _btoday's need-tomorrow's vision / _cedited by Narendra Shukla [and] Ashu Jain |
||
| 260 |
_aJaipur _bAavishkar Publishers, Distributors _c2012 |
||
| 270 |
_a807, Vyas Building, Chaura Rasta _bJaipur(Rajasthan) _e302003 _maavishkarbooks@hotmail.com |
||
| 300 |
_axiii,209 p. : _bill. _c23cm(Hb) |
||
| 500 | _aIncludes bibliographical references | ||
| 700 |
_aShukla, Narendra _951940 |
||
| 700 |
_aJain, Ashu _951941 |
||
| 942 |
_2ddc _cEN _h363.610954 _mWAT |
||
| 999 |
_c69625 _d69625 |
||